000 00953nam0a22002531 4500
001 rc\275385
005 20250621010951.0
035 _a(NLR Aleph) 005492644
090 _a5223666
_c5223666
100 _a20030307d1990 |||y0rusy50 ca
101 0 _arus
102 _aRU
105 _aa |||||||||
200 1 _aСовременные методы формирования телевизионных изображений
_eКонспект лекций по курсу "Телевидение". [Ч. 1]
_fМ-во связи СССР. Моск. ин-т связи
210 _aМ.
_cМИС
_d1990
215 _a113 с.
_cил.
_d21
300 _aНа 3-й с. авт.: проф. С.В. Новаковский
320 _aБиблиогр.: с. 112-113
700 1 _aНоваковский
_bС.В.
_gСергей Васильевич
801 0 _aRU
_bNLR
_gpsbo
801 1 _aRU
_bELAR
_2rusmarc
852 _aNLR
_j90-3/12900
942 _cBOOK
980 _aNB